Current advances in mechanical design and production VI : (Record no. 1756)
[ view plain ]
| 000 -LEADER | |
|---|---|
| fixed length control field | 01298nac a22002891u 4500 |
| 010 ## - LIBRARY OF CONGRESS CONTROL NUMBER | |
| LC control number | 95045237 |
| 020 ## - INTERNATIONAL STANDARD BOOK NUMBER | |
| International Standard Book Number | 0080421407 |
| 082 00 - DEWEY DECIMAL CLASSIFICATION NUMBER | |
| Classification number | 621.815 |
| Item number | E372 |
| 090 ## - LOCALLY ASSIGNED LC-TYPE CALL NUMBER (OCLC); LOCAL CALL NUMBER (OCLC) | |
| -- | 1756 |
| -- | 1756 |
| 100 ## - MAIN ENTRY--PERSONAL NAME | |
| Personal name | 20080729 |
| 245 10 - TITLE STATEMENT | |
| Title | Current advances in mechanical design and production VI : |
| Remainder of title | proceedings of the Sixth Cairo University International MDP Conference, Cairo, 2-4 January 1996 / |
| Statement of responsibility, etc | edited by Mohamed E. Elarabi and Abdalla S. Wifi. |
| 250 ## - EDITION STATEMENT | |
| Edition statement | 1st ed. |
| 260 ## - PUBLICATION, DISTRIBUTION, ETC. (IMPRINT) | |
| Place of publication, distribution, etc | Oxford, U.K. ; |
| -- | Tarrytown, N.Y., U.S.A. : |
| Name of publisher, distributor, etc | Pergamon, |
| Date of publication, distribution, etc | 1996. |
| 300 ## - PHYSICAL DESCRIPTION | |
| Extent | xiii, 544 p. : |
| Other physical details | ill. ; |
| Dimensions | 24 cm. |
| 500 ## - GENERAL NOTE | |
| General note | Donations |
| 500 ## - GENERAL NOTE | |
| General note | Donations - Dr. Mostafa Gouda |
| 504 ## - BIBLIOGRAPHY, ETC. NOTE | |
| Bibliography, etc | Includes bibliographical references and indexes. |
| 650 #0 - SUBJECT ADDED ENTRY--TOPICAL TERM | |
| Topical term or geographic name as entry element | Machine design |
| General subdivision | Congresses. |
| 650 #0 - SUBJECT ADDED ENTRY--TOPICAL TERM | |
| Topical term or geographic name as entry element | Materials |
| General subdivision | Congresses. |
| 650 #0 - SUBJECT ADDED ENTRY--TOPICAL TERM | |
| Topical term or geographic name as entry element | Production engineering |
| General subdivision | Congresses. |
| 700 1# - ADDED ENTRY--PERSONAL NAME | |
| Personal name | Elarabi, Mohamed E. |
| 700 1# - ADDED ENTRY--PERSONAL NAME | |
| Personal name | Wifi, Abdalla S. |
| 856 42 - ELECTRONIC LOCATION AND ACCESS | |
| Materials specified | Publisher description |
| Uniform Resource Identifier | <a href="http://www.loc.gov/catdir/enhancements/fy0601/95045237-d.html">http://www.loc.gov/catdir/enhancements/fy0601/95045237-d.html</a> |
| 856 42 - ELECTRONIC LOCATION AND ACCESS | |
| Materials specified | Table of contents only |
| Uniform Resource Identifier | <a href="http://www.loc.gov/catdir/enhancements/fy0601/95045237-t.html">http://www.loc.gov/catdir/enhancements/fy0601/95045237-t.html</a> |
| 942 ## - ADDED ENTRY ELEMENTS (KOHA) | |
| Item type | Book - Borrowing |
| Call number prefix | 621.815E372 |
| Withdrawn status | Item status | Damaged status | Not for loan | Home library | Current library | Shelving location | Date acquired | Source of acquisition | Total Checkouts | Full call number | Barcode | Date last seen | Koha item type |
|---|---|---|---|---|---|---|---|---|---|---|---|---|---|
| Central Library | Central Library | First floor | 06/12/2013 | Purchase | 1 | 621.815 CUR | 000002561 | 15/07/2025 | Book - Borrowing |